000 00740nam a2200181 i 4500
001 32099
003 ES-MaACL
005 20230906154519.0
007 t|
008 030219s1856 sp ||||1| spa d
110 2 _aCaja de Ahorros de Madrid.
_92287
245 1 0 _aMemoria anual de la Caja de Ahorros de Madrid y estados generales de su situación y operaciones hasta 31 de diciembre de 1855 :
_bleídos en Junta General Directiva de 30 de enero ide 1856... /
_c[por Jerónimo del Campo].
260 _aMadrid :
_b[s.n.],
_c1856 (
_fImp. de la Viuda de Antonio Yenes)
300 _a7 p., 4 h. ;
_c20 cm.
610 2 4 _aCaja de Ahorros de Madrid-
_vMemorias.
_9143740
700 1 _aCampo, Jerónimo del.
_934196
852 4 _aES-MaACL
_jT-6-F-15
999 _c32099
_d32099